| 000 | 00790nam a2200241 a 4500 | ||
|---|---|---|---|
| 005 | 20240213064358.0 | ||
| 008 | 060307s2004 000 eng d | ||
| 020 | _a8497060679 | ||
| 035 | _aUPN01000144001 | ||
| 049 | _aCG | ||
| 050 | 4 |
_aRC554 _bV4.3 |
|
| 100 | 1 | _aVieta i Pascual, Eduard | |
| 245 | 1 | 3 |
_aLa enfermedad de las emociones : _bel trastorno bipolar / _cEduard Vieta i Pascual, Francesc Colom i Victoriano, Anabel Martínez-Arán. |
| 260 |
_aBarcelona, Esp. : _bARS Medica, _c2004. |
||
| 300 |
_a217 p. : _bil. |
||
| 440 | 0 | _aPsiquiatría 21 | |
| 650 | 2 |
_aTrastornos de la personalidad _95295 |
|
| 650 | 4 |
_aPsiquiatría _910046 |
|
| 700 | 1 |
_aColom i Victoriano, Francesc, _ecoaut. |
|
| 700 | 1 |
_aMartínez-Arán, Anabel, _ecoaut. |
|
| 905 | _aLibro | ||
| 999 |
_c116148 _d116148 |
||